00716nam a2200193Ia 4500001000700000003000500007008004100012010001100053040000900064100003300073245011400106260008200220300002100302440000500323500000500328503000500333650002000338650016400358Z_4427CHAP220113s1979 xx 000 0 und d a167497 cCHAP aGalván Castillo, Natividad aRye grass : forraje verde para invierno /cpor Natividad Galván Castillo y José Luis González Elizondo aCd. Anáhuac, N. L. :bINIA. Campo Agrícola Experimental Anáhuac,c1979 aHoja desplegable a a a aLolium perenne  aPastos forrajeros I. González Elizondo, José Luis II. Instituto Nacional de Investigaciones Agrícolas (México). Campo Agrícola Experimental Anáhuac